000 00817nam a22001817a 4500
999 _c60407
_d60407
003 Ge_BSU
005 20230712161415.0
008 230712s2005ge xxu||||| |||| 00| 0 geo d
041 _ageo
080 _a821.353.1-94 გ-59
100 _aგოგუაძე, ვახტანგ, ავტორი.
_919183
245 _aპანთეონი :
_bწერილები გამოჩენილ ქართველ მოღვაწეთა შესახებ] /
_c ვახტანგ გოგუაძე.
264 _aთბილისი,
_c2005.
300 _a204 გვ. ;
_b 20 სმ.
653 _aპანთეონი
653 _aწერილები გამოჩენილ ქართველ მოღვაწეთა შესახებ
942 _2udc
_cBK